| 000 | 00401nam a2200145Ia 4500 | ||
|---|---|---|---|
| 008 | 230711s9999||||xx |||||||||||||| ||und|| | ||
| 041 | _aENG | ||
| 082 |
_a621 _bKL-R |
||
| 100 | _aKlafter,Richard D | ||
| 245 | 0 | _aRobotics Engineering: An Integrated Approach | |
| 250 | _a1st Ed. | ||
| 260 |
_c1994 _aNew Delhi _bPrentice-Hall of India Private Limited |
||
| 650 | _aMechanical Engineering | ||
| 942 | _cBK | ||
| 999 |
_c2505 _d2505 |
||